Sieci Petriego Wprowadzenie
Gespeichert in:
| 1. Verfasser: | |
|---|---|
| Weitere Verfasser: | |
| Format: | Buch |
| Sprache: | Polnisch |
| Veröffentlicht: |
Warszawa
Wyd. Naukowo-Techn.
1988
|
| Ausgabe: | 1. wyd. |
| Tags: |
Keine Tags, Fügen Sie das erste Tag hinzu!
|
MARC
| LEADER | 00000nam a2200000 4500 | ||
|---|---|---|---|
| 001 | c033646 | ||
| 005 | 20221219123718.5 | ||
| 041 | 0 | |a pol | |
| 044 | |a PL | ||
| 245 | 1 | 0 | |a Sieci Petriego |b Wprowadzenie |c Wolfgang Reisig ; [Z angl. prel.] Jowita Koncewicz-Krzemien |
| 250 | |a 1. wyd. | ||
| 264 | 1 | |a Warszawa |b Wyd. Naukowo-Techn. |c 1988 | |
| 300 | |a 187 s. | ||
| 100 | 1 | |a Reisig, Wolfgang | |
| 700 | 1 | |a Koncewicz-Krzemien, Jowita | |